Les Pokémon des champions d'arène et du Conseil 4 de Sinnoh - Statistiques

Statistiques générales
  • Ce quiz a été pris 245 fois
  • Le résultat moyen est 35 sur 47
Statistiques - réponses
Hint Réponse % Correct
Pierrick Racaillou
96%
Carchacrok
93%
Roserade
93%
Roserade
93%
Lucario
92%
Lucario
92%
Onix
91%
Kranidos
90%
Cynthia Spiritomb
90%
Simiabraz
89%
Bastiodon
85%
Blizzaroi
85%
Milobellus
85%
Steelix
85%
Steelix
85%
Luxray
84%
Ectoplasma
83%
Machopeur
83%
Magirêve
82%
Lovis Léviator
80%
Musteflott
80%
Tortipouss
80%
Hippodocus
78%
Tanguy Raichu
78%
Adrien Galopa
77%
Maraiste
77%
Terry Maraiste
77%
Gladys Blizzi
72%
Flo Ceribou
72%
Mélina Méditikka
72%
Apireine
70%
Drascore
68%
Kiméra Grodrive
67%
Grodrive
67%
Farfuret
66%
Tritosor
66%
Grolem
61%
Barbicha
57%
Charmillon
55%
Aaron Papinox
55%
Charmina
54%
Charles Archéomire
53%
Scarhino
51%
Lockpin
50%
Octillery
43%
Capidextre
30%
Simularbre
29%
Aucun quiz correspondant
Distribution des résultats
% des personnes avec chaque résultat
Percentile par nombre de réponses
Votre historique - résultats
Vous n’avez pas pris ce quiz